Физика и техника электрического разряда в газах: учебник; пер. с нем.

Bibliographische Detailangaben
1. Verfasser: Энгель А.
Weitere Verfasser: Штенбек М.
Sprache:Russisch
Veröffentlicht: Москва, ОНТИ НКТП, 1936
Format: MixedMaterials Buch
KOHA link:https://koha.lib.tpu.ru/cgi-bin/koha/opac-detail.pl?biblionumber=351154

MARC

LEADER 00000nam1a2200000 4500
001 351154
005 20231101040621.0
035 |a (RuTPU)RU\TPU\retro\5781 
090 |a 351154 
100 |a 20190415d1936 m y0rusy50 ca 
101 1 |a rus  |c ger 
102 |a RU 
200 1 |a Физика и техника электрического разряда в газах  |e учебник  |e пер. с нем.  |f А. Энгель, М. Штенбек 
210 |a Москва  |a Ленинград  |c ОНТИ НКТП  |c Главная редакция общетехнической литературы и номографии  |d 1936 
700 1 |a Энгель  |b А. 
701 1 |a Штенбек  |b М. 
801 1 |a RU  |b 63413507  |c 20190415 
942 |c BK